| 000 | 00471nam a2200193 a 4500 | ||
|---|---|---|---|
| 001 | BRCA_7088 | ||
| 005 | 20190321142921.0 | ||
| 008 | 091211s1922----gw-#######---#000-0#ger-# | ||
| 041 | _ager | ||
| 044 | _agw | ||
| 050 | 4 | _b.C45 1922 | |
| 245 | 1 | 0 | _aChinesische Geister- und Liebesgeschichten. |
| 260 |
_aFrankfurt _bRütten & Loening _c1922 |
||
| 300 |
_axv, 188 p. _c18 cm. |
||
| 500 | _aO89 | ||
| 650 | 1 | 4 |
_aLiteratura china _917620 |
| 902 | _aGFM | ||
| 942 |
_2lcc _cB |
||
| 999 |
_c6769 _d6769 |
||